000 00722nam a2200229 i 4500
001 10688
003 ES-MaACL
005 20240510063012.0
008 900122s1988 sp |||| | spa j
020 _a8486419174
080 _a860-14"19"
100 1 _aTundidor, Jesús Hilario,
_d1935-
_9111674
245 1 0 _aMausoleo
_b: pájaros para la muerte de Cristo /
_cJesús Hilario Tundidor.
250 _a1ª ed.
260 _aBarcelona :
_bJuan Pastor,
_c1988.
300 _a66 p. ;
_c20 cm.
490 1 _aDevenir. Serie Poesía ;
_v17
830 0 0 _aDevenir.
_pSerie Poesía ;
_v17
_9236243
852 _aES-MaACL
_jP-1931 N 17
_z. - Ded. autógr. del autor
_910981
942 _2udc
999 _c10688
_d10688